000 01066nam0a22002411 4500
001 rc\447429
005 20260407103343.0
035 _a(NLR Aleph) 005692747
090 _a7193516
_c7193516
100 _a20030616d1987 |||y0rusy50 ca
101 0 _arus
102 _aRU
105 _ay |||||||||
200 1 _aСовершенствование профессиональной подготовки будущего учителя музыки в системе высшего педагогического образования
_e[Сб. ст.]
_fТашк. гос. пед. ин-т им. Низами
_g[Отв. ред. А.Г. Акопян]
210 _aТашкент
_cТГПИ
_d1987
215 _a78 с.
_d22
702 1 _aАкопян
_bА.Г.
_gАлла Гургеновна
_4340
712 0 2 _aТашкентский государственный педагогический институт им. Низами
_3RU\NLR\AUTH\889932097
_9359537
801 0 _aRU
_bNLR
_gpsbo
801 1 _aRU
_bELAR
_2rusmarc
852 _aNLR
_j88-6/1563
942 _cBOOK
980 _aNB